Central Library OPAC University of Rajshahi

The Indian Ocean in global politics / (Record no. 43754)

MARC details
000 -LEADER
fixed length control field 01074nam a2200301 a 4500
001 - CONTROL NUMBER
control field 43754
003 - CONTROL NUMBER IDENTIFIER
rucl marc code BD-RjUL
005 - DATE AND TIME OF LATEST TRANSACTION
control field 20211209053741.0
008 - FIXED-LENGTH DATA ELEMENTS--GENERAL INFORMATION
fixed length control field 160627s1981 cou b 001 0 eng
020 ## - INTERNATIONAL STANDARD BOOK NUMBER
International Standard Book Number 0865310386 :
Terms of availability $24.00 (est.)
International Standard Book Number 0865311919
035 ## - SYSTEM CONTROL NUMBER
System control number (BD-RjUL)43872
040 ## - CATALOGING SOURCE
Original cataloging agency DLC
Transcribing agency DLC
Modifying agency BD-RjUL
Language of cataloging eng
041 ## - LANGUAGE CODE
Language code of text/sound track or separate title eng
082 00 - DEWEY DECIMAL CLASSIFICATION NUMBER
Classification number 327.091824
Edition number 23
Author mark and year IND 1981
245 04 - TITLE STATEMENT
Title The Indian Ocean in global politics /
Statement of responsibility, etc. edited by Larry W. Bowman and Ian Clark.
260 ## - PUBLICATION, DISTRIBUTION, ETC. (IMPRINT)
Place of publication, distribution, etc. Boulder, Colo. :
Name of publisher, distributor, etc. Westview Press,
Date of publication, distribution, etc. 1981.
300 ## - PHYSICAL DESCRIPTION
Pagination xi, 260 p. ;
Size 24 cm.
490 1# - SERIES STATEMENT
Series statement Westview special studies in international relations
504 ## - BIBLIOGRAPHY, ETC. NOTE
Bibliography, etc Includes bibliographical references and index.
650 ## - SUBJECT ADDED ENTRY--TOPICAL TERM
Topical term or geographic name as entry element Politics and government.
Geographic subdivision Indian Ocean Region
9 (RLIN) 134484
Topical term or geographic name as entry element Foreign relations.
Geographic subdivision Indian Ocean Region
9 (RLIN) 134485
700 1# - ADDED ENTRY--PERSONAL NAME
Personal name Bowman, Larry W.
Personal name Clark, Ian,
Dates associated with a name 1949-
830 #0 - SERIES ADDED ENTRY--UNIFORM TITLE
Uniform title Westview special studies on international relations and U.S. foreign policy.
942 ## - ADDED ENTRY ELEMENTS (KOHA)
Source of classification or shelving scheme Dewey Decimal Classification
Koha item type Books
Holdings
Lost status Source of classification or shelving scheme Damaged status Not for loan Collection code Permanent Location Current Location Shelving location Date acquired Source of acquisition Total Checkouts Full call number Date last seen Copy number Koha item type
  Dewey Decimal Classification     Non-fiction Central Library, University of Rajshahi Central Library, University of Rajshahi   25/08/1988 Asia foundation   327.091824 IND 1981 27/06/2016 C-2 Books